Подробности
| 000 -МАРКЕР |
| контрольное поле |
01684nam0a2200385 4500 |
| 001 - ИДЕНТИФИКАТОР ЗАПИСИ |
| контрольное поле |
RU\NLR\BIBL_A\010355880 |
| 005 - ИДЕНТИФИКАТОР ВЕРСИИ |
| контрольное поле |
20250614042441.0 |
| 010 ## - МЕЖДУНАРОДНЫЙ СТАНДАРТНЫЙ НОМЕР КНИГИ (ISBN) |
| Номер (ISBN) |
978-5-9704-2950-1 |
| Тираж |
500 |
| 021 ## - НОМЕР ГОСУДАРСТВЕННОЙ РЕГИСТРАЦИИ |
| Код страны |
российская федерация |
| Номер |
2014-17123 |
| Номер Листа государственной регистраци |
1083 |
| 035 ## - ДРУГИЕ СИСТЕМНЫЕ НОМЕРА |
| Идентификатор записи |
(NILC)RuMoRGB-006758508 |
| 035 ## - ДРУГИЕ СИСТЕМНЫЕ НОМЕРА |
| Идентификатор записи |
(NLR Aleph) 010355880 |
| 100 ## - ДАННЫЕ ОБЩЕЙ ОБРАБОТКИ |
| Данные общей обработки |
20140513d2014 |||y0rusy50 ca |
| 101 0# - ЯЗЫК РЕСУРСА |
| Язык текста, звукозаписи и т.д. |
английский |
| 102 ## - СТРАНА ПУБЛИКАЦИИ ИЛИ ПРОИЗВОДСТВА |
| Страна публикации |
российская федерация |
| 105 ## - ПОЛЕ КОДИРОВАННЫХ ДАННЫХ: ТЕКСТОВЫЕ МАТЕРИАЛЫ, МОНОГРАФИЧЕСКИЕ |
| Кодированные данные о монографическом текстовом документе |
a|||j|||000yy |
| 200 1# - ЗАГЛАВИЕ И СВЕДЕНИЯ ОБ ОТВЕТСТВЕННОСТИ |
| Основное заглавие |
Pathophysiology |
| Параллельное заглавие |
Патофизиология |
| Сведения, относящиеся к заглавию |
concise lectures, tests, clinico-pathophysiological situations and clinico-laboratory cases |
| -- |
student manual |
| Первые сведения об ответственности |
P. F. Litvitsky, S. V. Pirozhkov, E. B. Tezikov |
| Язык параллельного заглавия |
английский |
| 210 ## - ПУБЛИКАЦИЯ, РАСПРОСТРАНЕНИЕ И ДР. |
| Место издания, распространения и т.д. |
Moscow |
| Имя издателя, распространителя и т. д. |
GEOTAR-Media |
| Дата издания, распространения и т.д. |
2014 |
| 215 ## - ФИЗИЧЕСКАЯ ХАРАКТЕРИСТИКА |
| Специфическое обозначение материала и объем |
429, [1] с. |
| Другие сведения о физической характеристике |
ил. |
| Размеры |
22 |
| 320 ## - ПРИМЕЧАНИЯ О НАЛИЧИИ В ДОКУМЕНТЕ БИБЛИОГРАФИИ / УКАЗАТЕЛЯ |
| Текст примечания |
Библиогр. в конце кн. |
| 510 1# - ПАРАЛЛЕЛЬНОЕ ЗАГЛАВИЕ |
| Связь между полями |
z45790 |
| Параллельное заглавие |
Патофизиология |
| Язык заглавия |
русский |
| 606 1# - НАИМЕНОВАНИЕ ТЕМЫ КАК ПРЕДМЕТ |
| Наименование темы |
Патологическая физиология |
| Формальный подзаголовок |
Учебные издания для высших учебных заведений |
| Системный номер авторитетной/нормативной записи |
950731 |
| Идентификатор авторитетной/нормативной записи |
RU\NLR\AUTH\6634608 |
| 675 ## - УНИВЕРСАЛЬНАЯ ДЕСЯТИЧНАЯ КЛАССИФИКАЦИЯ (UDC/УДК) |
| Индекс |
616-092(075.8) |
| 686 1# - ИНДЕКСЫ ДРУГИХ КЛАССИФИКАЦИЙ |
| Индекс |
Р252я73 |
| 700 #1 - ИМЯ ЛИЦА - ПЕРВИЧНАЯ ОТВЕТСТВЕННОСТЬ |
| Графика поля |
Латинская |
| Материалы, к которым относится поле |
rus |
| Начальный элемент ввода |
Litvickij |
| Часть имени, кроме начального элемента ввода |
P. F. |
| Даты |
1948- |
| Расширение инициалов личного имени |
Petr Francevič |
| Системный номер авторитетной/нормативной записи |
233113 |
| Идентификатор авторитетной/нормативной записи |
RU\NLR\AUTH\770233169 |
| 701 #1 - ИМЯ ЛИЦА - АЛЬТЕРНАТИВНАЯ ОТВЕТСТВЕННОСТЬ |
| Графика поля |
Латинская |
| Материалы, к которым относится поле |
rus |
| Начальный элемент ввода |
Pirožkov |
| Часть имени, кроме начального элемента ввода |
S. V. |
| Даты |
1955- |
| Расширение инициалов личного имени |
Sergej Viktorovič |
| Системный номер авторитетной/нормативной записи |
233120 |
| Идентификатор авторитетной/нормативной записи |
RU\NLR\AUTH\770233176 |
| 701 #1 - ИМЯ ЛИЦА - АЛЬТЕРНАТИВНАЯ ОТВЕТСТВЕННОСТЬ |
| Начальный элемент ввода |
Tezikov |
| Часть имени, кроме начального элемента ввода |
E. B. |
| Расширение инициалов личного имени |
Evgenij Borisovič |
| 790 #1 - ИМЯ ЛИЦА - АЛЬТЕРНАТИВНАЯ ФОРМА |
| Графика поля |
Кириллица |
| Материалы, к которым относится поле |
rus |
| Начальный элемент ввода |
Литвицкий |
| Часть имени, кроме начального элемента ввода |
П. Ф. |
| Даты |
1948- |
| Расширение инициалов личного имени |
Петр Францевич |
| Системный номер авторитетной/нормативной записи |
233114 |
| Идентификатор авторитетной/нормативной записи |
RU\NLR\AUTH\770233170 |
| 801 #0 - ИСТОЧНИК ЗАПИСИ |
| Страна |
российская федерация |
| Организация |
RuMoRKP |
| Дата составления |
20140311 |
| Правила каталогизации |
RCR |
| 801 #2 - ИСТОЧНИК ЗАПИСИ |
| Страна |
российская федерация |
| Организация |
РГБ |
| Дата составления |
20140401 |
| Правила каталогизации |
rcr |
| 801 #1 - ИСТОЧНИК ЗАПИСИ |
| Страна |
российская федерация |
| Организация |
RuMoRKP |
| Дата составления |
20140311 |
| Источник данных |
rusmarc |
| 942 ## - ДОПОЛНИТЕЛЬНЫЕ ЭЛЕМЕНТЫ ЗАПИСИ (АБИС) |
| Тип экземпляра АБИС |
Книга |
| 980 ## - КОЛЛЕКЦИЯ |
| Название коллекции |
Национальная библиография |